[Event "Stay Safe Play From Home 355"]
[Site "Emanuel Lasker Arena"]
[Date "2020.08.04"]
[Round "5"]
[White "Fischer_11"]
[Black "TheCHESSHOUSE"]
[Result "1-0"]
[WhiteElo "2097"]
[BlackElo "2107"]
[Annotator "NA RC"]
[PlyCount "49"]
[EventDate "2020.08.04"]
[EventType "swiss (blitz)"]

1. e4 {[%emt 0:00:02]} c5 {[%emt 0:00:01]} 2. c3 {[%emt 0:00:01]} d6 {[%emt 0:00:01]} 3. d4 {[%emt 0:00:01]} cxd4 {[%emt 0:00:00]} 4. cxd4 {[%emt 0:00:00]} Nf6 {[%emt 0:00:01]} 5. Nc3 {[%emt 0:00:01]} g6 {[%emt 0:00:00]} 6. Nf3 {[%emt 0:00:00]} Bg7 {[%emt 0:00:00]} 7. Bd3 {[%emt 0:00:00]} O-O {[%emt 0:00:01]} 8. O-O {[%emt 0:00:00]} Nc6 {[%emt 0:00:01]} 9. h3 {[%emt 0:00:01]} a6 {[%emt 0:00:01]} 10. a3 {[%emt 0:00:00]} b5 {[%emt 0:00:01]} 11. Be3 {[%emt 0:00:01]} Bb7 {[%emt 0:00:00]} 12. Rc1 {[%emt 0:00:00]} Rc8 {[%emt 0:00:01]} 13. Qe2 {[%emt 0:00:01]} Na5 {[%emt 0:00:01]} 14. Rfd1 {[%emt 0:00:00]} Nb3 {[%emt 0:00:01]} 15. Rc2 {[%emt 0:00:03]} Nd7 {[%emt 0:00:01]} 16. e5 {[%emt 0:00:04]} dxe5 {[%emt 0:00:01]} 17. dxe5 {[%emt 0:00:00]} Qa5 {[%emt 0:00:03]} 18. Be4 {[%emt 0:00:05]} Bxe4 {[%emt 0:00:02]} 19. Nxe4 {[%emt 0:00:00]} Nxe5 {[%emt 0:00:01]} 20. Nxe5 {[%emt 0:00:04]} Bxe5 {[%emt 0:00:00]} 21. Rxc8 {[%emt 0:00:02]} Rxc8 {[%emt 0:00:01]} 22. Qd3 {[%emt 0:00:03]} Qa4 {[%emt 0:00:09]} 23. Bh6 {[%emt 0:00:04]} Bf6 {[%emt 0:00:03]} 24. Qd8+ {[%emt 0:00:02]} Rxd8 {[%emt 0:00:01]} 25. Rxd8# {[%emt 0:00:00] (Lag: Av=0.66s, max=1.1s) (Lag: Av=0.66s, max=1.1s) (Lag: Av=0.66s, max=1.1s) (Lag: Av=0.66s, max=1.1s) (Lag: Av=0.66s, max=1.1s)} 1-0

[Event "Stay Safe Play From Home 355"]
[Site "Emanuel Lasker Arena"]
[Date "2020.08.04"]
[Round "5"]
[White "GIULIO19031975"]
[Black "Cirovicz"]
[Result "1-0"]
[WhiteElo "1741"]
[BlackElo "1852"]
[Annotator "NA RC"]
[PlyCount "85"]
[EventDate "2020.08.04"]
[EventType "swiss (blitz)"]

1. e4 {[%emt 0:00:00]} e5 {[%emt 0:00:01]} 2. Nf3 {[%emt 0:00:00]} Nc6 {[%emt 0:00:00]} 3. Nc3 {[%emt 0:00:00]} Bd6 {[%emt 0:00:01]} 4. Bb5 {[%emt 0:00:01]} Nf6 {[%emt 0:00:00]} 5. Bxc6 {[%emt 0:00:01]} dxc6 {[%emt 0:00:01]} 6. d4 {[%emt 0:00:01]} Bg4 {[%emt 0:00:01]} 7. dxe5 {[%emt 0:00:01]} Bxf3 {[%emt 0:00:01]} 8. gxf3 {[%emt 0:00:01]} Bxe5 {[%emt 0:00:01]} 9. Qe2 {[%emt 0:00:01]} Bxc3+ {[%emt 0:00:02]} 10. bxc3 {[%emt 0:00:01]} Qd7 {[%emt 0:00:02]} 11. Ba3 {[%emt 0:00:01]} O-O-O {[%emt 0:00:01]} 12. Rb1 {[%emt 0:00:01]} b6 {[%emt 0:00:03]} 13. Qa6+ {[%emt 0:00:01]} Kb8 {[%emt 0:00:01]} 14. O-O {[%emt 0:00:01]} g5 {[%emt 0:00:03]} 15. e5 {[%emt 0:00:01]} Nd5 {[%emt 0:00:02]} 16. c4 {[%emt 0:00:01]} Nc3 {[%emt 0:00:04]} 17. c5 {[%emt 0:00:02]} Ne2+ {[%emt 0:00:02]} 18. Qxe2 {[%emt 0:00:02]} Qh3 {[%emt 0:00:03]} 19. cxb6 {[%emt 0:00:01]} cxb6 {[%emt 0:00:02]} 20. Qa6 {[%emt 0:00:03]} g4 {[%emt 0:00:01]} 21. Bd6+ {[%emt 0:00:01]} Rxd6 {[%emt 0:00:01]} 22. exd6 {[%emt 0:00:02]} gxf3 {[%emt 0:00:01]} 23. Rxb6+ {[%emt 0:00:03]} axb6 {[%emt 0:00:01]} 24. Qxb6+ {[%emt 0:00:01]} Ka8 {[%emt 0:00:01]} 25. Qxc6+ {[%emt 0:00:01]} Ka7 {[%emt 0:00:01]} 26. Qc7+ {[%emt 0:00:02]} Ka6 {[%emt 0:00:01]} 27. Qc4+ {[%emt 0:00:01]} Ka7 {[%emt 0:00:01]} 28. Qd4+ {[%emt 0:00:01]} Ka6 {[%emt 0:00:01]} 29. Qd3+ {[%emt 0:00:02]} Ka7 {[%emt 0:00:01]} 30. Qa3+ {[%emt 0:00:01]} Kb6 {[%emt 0:00:01]} 31. Rb1+ {[%emt 0:00:01]} Kc6 {[%emt 0:00:01]} 32. Qa6+ {[%emt 0:00:02]} Kd7 {[%emt 0:00:01]} 33. Qb7+ {[%emt 0:00:01]} Ke6 {[%emt 0:00:01]} 34. Re1+ {[%emt 0:00:01]} Kf5 {[%emt 0:00:01]} 35. Qd7+ {[%emt 0:00:01]} Kf4 {[%emt 0:00:02]} 36. Qxh3 {[%emt 0:00:04]} Rg8+ {[%emt 0:00:00]} 37. Kf1 {[%emt 0:00:01]} Rg2 {[%emt 0:00:02]} 38. Qh4+ {[%emt 0:00:01]} Kf5 {[%emt 0:00:01]} 39. Qe4+ {[%emt 0:00:01]} Kg5 {[%emt 0:00:01]} 40. Qxf3 {[%emt 0:00:00]} Rxh2 {[%emt 0:00:01]} 41. Re5+ {[%emt 0:00:01]} f5 {[%emt 0:00:01]} 42. Qxf5+ {[%emt 0:00:01]} Kh4 {[%emt 0:00:01]} 43. Qh5# {[%emt 0:00:01] (Lag: Av=0.78s, max=1.3s) (Lag: Av=0.78s, max=1.3s) (Lag: Av=0.78s, max=1.3s) (Lag: Av=0.78s, max=1.3s) (Lag: Av=0.78s, max=1.3s)} 1-0

[Event "Stay Safe Play From Home 355"]
[Site "Emanuel Lasker Arena"]
[Date "2020.08.04"]
[Round "5"]
[White "Trotsky"]
[Black "Little champs"]
[Result "0-1"]
[WhiteElo "1648"]
[BlackElo "2175"]
[Annotator "TA"]
[PlyCount "48"]
[EventDate "2020.08.04"]
[EventType "swiss (blitz)"]

{[%evp 9,47,56,69,56,56,47,36,0,2,5,82,0,4,-2,-23,5,240,262,739,740,704,729,626,-411,-401,-621,-581,-827,-818,-1268,-1272,-1160,-997,-29996,-29997,-29997,-29998,-29998,-29999,-29999]} 1. d4 c6 2. e3 d5 3. c4 dxc4 4. Bxc4 Nf6 5. Nc3 g6 {[#]} 6. Qc2 $146 {D10: Slav Defence: 3 cxd5 (without early Nf3) and 3 Nc3.} ({Predecessor:} 6. Nf3 Bg7 7. O-O O-O 8. e4 b5 9. Bd3 b4 10. Na4 Ba6 11. Re1 Bxd3 12. Qxd3 Qa5 13. Qb3 {1-0 (48) Stojanovic,M (2522)-Lemmers,O (2327) Porto Carras 2018}) 6... Bg7 7. Bd2 O-O 8. Bd3 {White is slightly better.} a6 9. Nf3 b5 (9... Nbd7 $11 {remains equal.}) 10. Ng5 (10. h4 $16) 10... Nbd7 $11 11. h4 c5 12. h5 cxd4 $2 {[#]} (12... h6 $11) 13. hxg6 $18 dxc3 $2 (13... hxg6 14. Bxg6 dxc3) 14. gxf7+ Rxf7 15. Bxh7+ Kf8 16. Nxf7 $4 {[%mdl 8192] [#]} (16. Bxc3 $18 {and life is good for White.} Nb6 17. Rd1) 16... cxd2+ $19 17. Kd1 (17. Qxd2 $142 Kxf7 18. Be4) 17... Kxf7 18. Qg6+ Kf8 {aiming for ...Ne5.} 19. Rh6 Ne5 {[%cal Bd7e5,Be5d3,Bd3f2][%mdl 32]} 20. Qg5 Nd3 21. Rg6 Nxf2+ {Black mates.} 22. Ke2 d1=Q+ 23. Rxd1 Qxd1+ 24. Kxf2 Ne4# {Accuracy: White = 42%, Black = 59%.} 0-1

[Event "Stay Safe Play From Home 355"]
[Site "Emanuel Lasker Arena"]
[Date "2020.08.04"]
[Round "6"]
[White "NTBT_DHS"]
[Black "AChessPlayer"]
[Result "1-0"]
[WhiteElo "2564"]
[BlackElo "2439"]
[Annotator "TA"]
[PlyCount "93"]
[EventDate "2020.08.04"]
[EventType "swiss (blitz)"]

{[%evp 9,93,10,11,-7,13,14,18,23,13,12,29,7,26,20,37,27,37,35,37,37,31,0,41,48,108,89,109,96,105,76,99,80,54,4,11,-91,-91,-137,-103,-120,-58,-62,-58,-82,-73,-80,-31,-128,0,0,399,-122,-122,-181,-145,-153,-134,-112,37,25,8,24,69,86,85,23,95,113,98,104,1437,1422,1333,1227,2627,2571,2161,2114,6552,2039,12842,12841,29986,29986,29992,29992]} 1. e4 c6 2. Nf3 d5 3. exd5 cxd5 4. d4 Nc6 5. Bb5 Bg4 6. O-O {B13: Caro-Kann: Exchange Variation and Panov-Botvinnik Attack.} Nf6 7. h3 Bxf3 8. Qxf3 {The position is equal.} e6 9. c3 Be7 10. Bf4 O-O 11. Nd2 Rc8 12. Bd3 {[#]} Bd6 $146 ({Predecessor:} 12... h6 13. Rfe1 Bd6 14. Be3 a6 15. g4 e5 16. Qg2 e4 17. Be2 g5 18. Nf1 Qc7 {0-1 (60) Lekic,D (1559)-O'Gorman,B (1706) London 2017}) 13. Bg5 h6 14. Bh4 a6 15. Qe3 Be7 16. f4 g6 (16... Re8 $14) 17. f5 $16 exf5 18. Qxh6 {Hoping for Rxf5!} Ne4 19. Bxe7 Qxe7 20. Nf3 {Threatens to win with Bxe4.} Qf6 21. Bxe4 dxe4 22. Ng5 (22. Nh4 $11 {remains equal.}) 22... Qg7 $17 23. Qh4 Rfe8 24. Qg3 Ne7 (24... f6 $17 25. d5 Nd8) 25. h4 Nd5 26. Rac1 b5 27. Nh3 e3 {[#]} 28. Rfe1 (28. h5 $1 $15 {[%mdl 512]}) 28... Re4 (28... Qh6 $17 29. Qf3 Re4) 29. Ng5 $11 Re7 $2 {[%mdl 8192]} (29... Rg4 $11 {and Black is okay.} 30. Qd6 Nf4 31. Rxe3 Rxg2+ 32. Kf1 Rg4) 30. Qf3 $2 (30. Qd6 $18) 30... Rd8 $17 31. h5 (31. Re2 $17 {keeps fighting.}) 31... f6 32. Nh3 g5 {Strongly threatening ...g4.} 33. Qxf5 g4 ({Black should play} 33... Qh7 $1 $17 {[%cal Rh7f5]} 34. Qf3 Re4) 34. Nf4 $14 Nxf4 35. Qxf4 Rde8 36. Re2 Re4 37. Qd6 ({Better is} 37. Qf5 $16) 37... g3 {[#]} (37... Qg5 $1 $11 38. Rf1 (38. Qxa6 g3 39. Qd6 Qh4 40. Qxg3+ Qxg3 41. h6 Rh4 42. h7+ Rxh7 43. Rd2 exd2 44. Rf1 Qe3+ 45. Rf2 d1=Q#) 38... R4e6) 38. Rf1 $1 $36 {[%cal Rf1f6][%mdl 2048] White has strong initiative.} (38. Qxa6 {gets mated.} Qg5 39. Qd6 Qh4 40. Qxg3+ Qxg3 41. Rf1 Rh4 42. Rxe3 Qxe3+ 43. Rf2 {[#]} Qg3 $1 {[%mdl 512]} 44. Rf1 Re1 45. Rxe1 Qxe1#) 38... Qg4 {White must now prevent ...Qh4.} 39. Rf3 Rf4 $2 {[%mdl 8192]} (39... Qxh5 $16 40. Qxg3+ (40. Rxg3+ Kf7 $16) 40... Kf7 41. Qc7+ (41. Qd6 R8e6 $16) 41... R8e7) 40. Qxf4 $18 Qxf4 41. Rxf4 Kg7 42. Rg4+ Kf7 43. Rxg3 Rc8 44. Rexe3 b4 45. cxb4 Rc1+ 46. Kh2 Rb1 47. d5 {White used his chance. Accuracy: White = 64%, Black = 46%.} 1-0

[Event "Stay Safe Play From Home 355"]
[Site "Emanuel Lasker Arena"]
[Date "2020.08.04"]
[Round "6"]
[White "Rogan"]
[Black "Lamborghini"]
[Result "1/2-1/2"]
[WhiteElo "2243"]
[BlackElo "2231"]
[Annotator "TA"]
[PlyCount "79"]
[EventDate "2020.08.04"]
[EventType "swiss (blitz)"]

{[%evp 9,79,-16,-11,-11,-11,-12,-9,-12,-16,-16,13,-24,-8,-62,-63,-74,-70,-66,-50,-91,-19,-19,0,-218,-226,-239,-206,-242,-268,-251,-25,0,-45,-116,-97,-87,28,28,33,0,0,0,0,0,0,0,0,0,0,-28,0,0,0,0,0,-12,0,-12,-19,-81,-30,-42,0,-63,0,0,0,-32,0,0,0,-61]} 1. c3 g6 2. d4 Bg7 3. Nf3 d6 4. Bg5 Nf6 5. Bxf6 exf6 {[#]} 6. h4 $146 {A48: 1 d4 Nf6 2 Nf3 g6: Torre, London and Colle Systems.} ({Predecessor:} 6. e3 f5 7. Bd3 Nd7 8. Nbd2 Nf6 9. Qc2 Qe7 10. O-O-O d5 11. Ne5 Ne4 12. Nxe4 fxe4 {½-½ (33) Del Nevo,C (1691)-Battistella,S (2065) Arco 2018}) 6... O-O 7. h5 Re8 8. hxg6 hxg6 9. e3 c5 10. Bd3 Nc6 11. dxc5 (11. Kf1 $11) 11... dxc5 $15 12. Qc2 f5 13. Nbd2 Be6 14. O-O-O Qa5 (14... Bxa2 $17 15. Bf1 Be6) 15. a3 $11 b5 16. Nb3 $2 (16. g4 $11 {and White has nothing to worry.} fxg4 17. Bxg6 $1 {[%mdl 512]}) 16... Qb6 $19 17. Be2 a5 {[%cal Ba7a5,Ba5a4][%mdl 32]} 18. Ng5 a4 19. Nd2 {[#]} b4 $2 (19... Ba2 $1 $19 20. Qd3 Ne5 21. Qxb5 Qc7) 20. Nxe6 $11 Rxe6 21. Bc4 ({White should try} 21. Nc4 $15 Qc7 22. g4 fxg4 23. Bxg4) 21... Rd6 22. Nf3 Rad8 (22... Rxd1+ $17 23. Rxd1 bxc3) 23. Rxd6 $1 Rxd6 24. Rd1 Na5 25. Rxd6 Qxd6 26. Qd3 Nxc4 27. Qxc4 {[%cal Ra3b4]} bxc3 28. bxc3 Bf6 29. Nd2 Kg7 (29... Qh2 $5 {[%cal Rh2g2]} 30. Kc2 Qxg2 $15) 30. Qxa4 Bxc3 31. Qc2 Bf6 32. Nc4 Qd5 33. a4 Qxg2 {White must now prevent ...Qf1+.} 34. Kb1 (34. f4 $1 $11 Qf1+ 35. Kd2) 34... Qf1+ (34... Qh1+ $17 35. Ka2 Qe1) 35. Ka2 Qe1 36. a5 (36. f4 $11) 36... Qb4 ({Better is} 36... g5 $1 $15) 37. Qb3 {Strongly threatening Qxb4.} Qe1 {[%csl Gf6][%cal Re1a1]} 38. Qc2 Qb4 39. Qb3 {And now Qxb4 would win.} Qe1 {[%csl Gf6][%cal Re1a1]} 40. Qc2 {Accuracy: White = 65%, Black = 64%.} 1/2-1/2

[Event "Stay Safe Play From Home 355"]
[Site "Emanuel Lasker Arena"]
[Date "2020.08.04"]
[Round "6"]
[White "Little champs"]
[Black "SoulofWolf"]
[Result "1-0"]
[WhiteElo "2176"]
[BlackElo "2160"]
[Annotator "RC"]
[PlyCount "137"]
[EventDate "2020.08.04"]
[EventType "swiss (blitz)"]

1. d4 {[%emt 0:00:01]} e6 {[%emt 0:00:00]} 2. e3 {[%emt 0:00:00]} c5 {[%emt 0:00:00]} 3. Be2 {[%emt 0:00:01]} Nf6 {[%emt 0:00:00]} 4. Bf3 {[%emt 0:00:00]} Nc6 {[%emt 0:00:02]} 5. Ne2 {[%emt 0:00:01]} d5 {[%emt 0:00:00]} 6. c3 {[%emt 0:00:01]} Bd7 {[%emt 0:00:00]} 7. Nd2 {[%emt 0:00:00]} Be7 {[%emt 0:00:01]} 8. O-O {[%emt 0:00:00]} O-O {[%emt 0:00:00]} 9. b3 {[%emt 0:00:00]} b6 {[%emt 0:00:00]} 10. c4 {[%emt 0:00:00]} Rc8 {[%emt 0:00:00]} 11. cxd5 {[%emt 0:00:01]} Nxd5 {[%emt 0:00:00]} 12. dxc5 {[%emt 0:00:01]} Bxc5 {[%emt 0:00:01]} 13. Ne4 {[%emt 0:00:02]} Be7 {[%emt 0:00:01]} 14. Bb2 {[%emt 0:00:00]} f6 {[%emt 0:00:03]} 15. Rc1 {[%emt 0:00:01]} Be8 {[%emt 0:00:03]} 16. Nd4 {[%emt 0:00:00]} Bf7 {[%emt 0:00:01]} 17. Nxc6 {[%emt 0:00:02]} Qd7 {[%emt 0:00:00]} 18. Nxe7+ {[%emt 0:00:01]} Qxe7 {[%emt 0:00:00]} 19. Rxc8 {[%emt 0:00:01]} Rxc8 {[%emt 0:00:00]} 20. Qd2 {[%emt 0:00:00]} Rd8 {[%emt 0:00:00]} 21. Rd1 {[%emt 0:00:01]} Re8 {[%emt 0:00:02]} 22. Nc3 {[%emt 0:00:01]} Nb4 {[%emt 0:00:05]} 23. a3 {[%emt 0:00:01]} Na6 {[%emt 0:00:01]} 24. Qd7 {[%emt 0:00:02]} Nc5 {[%emt 0:00:01]} 25. Qxe7 {[%emt 0:00:01]} Rxe7 {[%emt 0:00:01]} 26. b4 {[%emt 0:00:00]} Na6 {[%emt 0:00:03]} 27. Rd8+ {[%emt 0:00:02]} Re8 {[%emt 0:00:01]} 28. Rxe8+ {[%emt 0:00:01]} Bxe8 {[%emt 0:00:00]} 29. Bb7 {[%emt 0:00:01]} Nc7 {[%emt 0:00:01]} 30. Ne4 {[%emt 0:00:01]} Bd7 {[%emt 0:00:02]} 31. Nd6 {[%emt 0:00:04]} Kf8 {[%emt 0:00:01]} 32. Ne4 {[%emt 0:00:02]} Ke7 {[%emt 0:00:01]} 33. Nc3 {[%emt 0:00:01]} h5 {[%emt 0:00:02]} 34. e4 {[%emt 0:00:00]} h4 {[%emt 0:00:00]} 35. Bc1 {[%emt 0:00:00]} g5 {[%emt 0:00:01]} 36. Be3 {[%emt 0:00:01]} Ne8 {[%emt 0:00:01]} 37. f4 {[%emt 0:00:01]} Nd6 {[%emt 0:00:00]} 38. Ba8 {[%emt 0:00:01]} g4 {[%emt 0:00:01]} 39. e5 {[%emt 0:00:01]} Nc4 {[%emt 0:00:01]} 40. Bc1 {[%emt 0:00:01]} fxe5 {[%emt 0:00:01]} 41. fxe5 {[%emt 0:00:00]} Nxe5 {[%emt 0:00:00]} 42. Bg5+ {[%emt 0:00:01]} Kf7 {[%emt 0:00:02]} 43. Bxh4 {[%emt 0:00:00]} Nc4 {[%emt 0:00:02]} 44. a4 {[%emt 0:00:00]} Nb2 {[%emt 0:00:02]} 45. a5 {[%emt 0:00:01]} Nd3 {[%emt 0:00:00]} 46. axb6 {[%emt 0:00:02]} axb6 {[%emt 0:00:00]} 47. b5 {[%emt 0:00:00]} Nc5 {[%emt 0:00:00]} 48. Bc6 {[%emt 0:00:01]} Bc8 {[%emt 0:00:01]} 49. Ne4 {[%emt 0:00:01]} Nd3 {[%emt 0:00:02]} 50. Nd6+ {[%emt 0:00:00]} Kg6 {[%emt 0:00:01]} 51. Nxc8 {[%emt 0:00:00]} Kh5 {[%emt 0:00:00]} 52. Bg3 {[%emt 0:00:00]} Kg5 {[%emt 0:00:02]} 53. Be8 {[%emt 0:00:00]} Kf6 {[%emt 0:00:01]} 54. Bc6 {[%emt 0:00:01]} e5 {[%emt 0:00:00]} 55. Nd6 {[%emt 0:00:00]} Nc5 {[%emt 0:00:00]} 56. Ne4+ {[%emt 0:00:00]} Ke6 {[%emt 0:00:01]} 57. Nxc5+ {[%emt 0:00:01]} bxc5 {[%emt 0:00:00]} 58. Bf2 {[%emt 0:00:00]} Kd6 {[%emt 0:00:00]} 59. Bxc5+ {[%emt 0:00:01]} Kxc5 {[%emt 0:00:00]} 60. Kf2 {[%emt 0:00:00]} e4 {[%emt 0:00:00]} 61. Ke3 {[%emt 0:00:00]} Kb6 {[%emt 0:00:00]} 62. h3 {[%emt 0:00:00]} g3 {[%emt 0:00:00]} 63. h4 {[%emt 0:00:00]} Kc7 {[%emt 0:00:00]} 64. h5 {[%emt 0:00:00]} Kd6 {[%emt 0:00:00]} 65. h6 {[%emt 0:00:00]} Ke7 {[%emt 0:00:00]} 66. h7 {[%emt 0:00:00]} Kf6 {[%emt 0:00:00]} 67. h8=Q+ {[%emt 0:00:01]} Ke6 {[%emt 0:00:02]} 68. Qh3+ {[%emt 0:00:00]} Kd6 {[%emt 0:00:00]} 69. Qxg3+ {[%emt 0:00:00] Czas Czas Czas Czas Czas (Lag: Av=0.46s, max=0.7s) (Lag: Av=0.46s, max=0.7s) (Lag: Av=0.46s, max=0.7s) (Lag: Av=0.46s, max=0.7s) (Lag: Av=0.46s, max=0.7s)} 1-0

[Event "Stay Safe Play From Home 355"]
[Site "Emanuel Lasker Arena"]
[Date "2020.08.04"]
[Round "6"]
[White "Fischer_11"]
[Black "Nuktotitakoi"]
[Result "0-1"]
[WhiteElo "2114"]
[BlackElo "2358"]
[Annotator "NA RC"]
[PlyCount "66"]
[EventDate "2020.08.04"]
[EventType "swiss (blitz)"]

1. e4 {[%emt 0:00:01]} d6 {[%emt 0:00:00]} 2. d4 {[%emt 0:00:01]} Nf6 {[%emt 0:00:00]} 3. Nc3 {[%emt 0:00:00]} g6 {[%emt 0:00:00]} 4. Bg5 {[%emt 0:00:00]} Bg7 {[%emt 0:00:01]} 5. Qd2 {[%emt 0:00:00]} c6 {[%emt 0:00:01]} 6. O-O-O {[%emt 0:00:01]} b5 {[%emt 0:00:01]} 7. e5 {[%emt 0:00:02]} b4 {[%emt 0:00:01]} 8. exf6 {[%emt 0:00:01]} bxc3 {[%emt 0:00:00]} 9. Qxc3 {[%emt 0:00:00]} exf6 {[%emt 0:00:01]} 10. Re1+ {[%emt 0:00:01]} Be6 {[%emt 0:00:01]} 11. Bf4 {[%emt 0:00:01]} O-O {[%emt 0:00:01]} 12. Nf3 {[%emt 0:00:01]} f5 {[%emt 0:00:02]} 13. Qd2 {[%emt 0:00:02]} Qb6 {[%emt 0:00:06]} 14. Bh6 {[%emt 0:00:02]} Nd7 {[%emt 0:00:02]} 15. Bxg7 {[%emt 0:00:01]} Kxg7 {[%emt 0:00:00]} 16. h4 {[%emt 0:00:00]} Rab8 {[%emt 0:00:00]} 17. b3 {[%emt 0:00:01]} Nf6 {[%emt 0:00:00]} 18. h5 {[%emt 0:00:01]} Ne4 {[%emt 0:00:03]} 19. Qe3 {[%emt 0:00:05]} Rh8 {[%emt 0:00:12]} 20. h6+ {[%emt 0:00:02]} Kf6 {[%emt 0:00:01]} 21. Bd3 {[%emt 0:00:04]} Qa5 {[%emt 0:00:02]} 22. Bxe4 {[%emt 0:00:08]} fxe4 {[%emt 0:00:00]} 23. Qxe4 {[%emt 0:00:07]} Rhc8 {[%emt 0:00:02]} 24. Qh4+ {[%emt 0:00:03]} g5 {[%emt 0:00:01]} 25. Qh5 {[%emt 0:00:06]} Rg8 {[%emt 0:00:01]} 26. Nd2 {[%emt 0:00:03]} Ke7 {[%emt 0:00:04]} 27. Ne4 {[%emt 0:00:01]} Qf5 {[%emt 0:00:00]} 28. f3 {[%emt 0:00:01]} Qf4+ {[%emt 0:00:01]} 29. Kb2 {[%emt 0:00:01]} Kd7 {[%emt 0:00:01]} 30. Qh2 {[%emt 0:00:00]} Qf5 {[%emt 0:00:02]} 31. Qg3 {[%emt 0:00:01]} Qd5 {[%emt 0:00:02]} 32. Qf2 {[%emt 0:00:00]} Rg6 {[%emt 0:00:02]} 33. Qe3 {[%emt 0:00:00]} Qf5 {[%emt 0:00:01] Zeit Zeit Zeit Zeit Zeit (Lag: Av=0.39s, max=0.7s) (Lag: Av=0.39s, max=0.7s) (Lag: Av=0.39s, max=0.7s) (Lag: Av=0.39s, max=0.7s) (Lag: Av=0.39s, max=0.7s)} 0-1

[Event "Stay Safe Play From Home 355"]
[Site "Emanuel Lasker Arena"]
[Date "2020.08.04"]
[Round "6"]
[White "Greblha"]
[Black "Broken sword"]
[Result "0-1"]
[WhiteElo "1927"]
[BlackElo "2394"]
[Annotator "TA"]
[PlyCount "90"]
[EventDate "2020.08.04"]
[EventType "swiss (blitz)"]

{[%evp 9,90,28,32,-15,-2,-77,-89,-91,-90,-90,-97,-94,-90,-89,-37,-33,-35,-31,-18,-192,0,-7,0,0,58,58,61,-62,-67,-208,-152,-143,-118,-143,-133,-139,-109,-193,-109,-118,-86,-101,-97,-206,110,99,112,103,205,27,45,0,115,108,220,228,211,-285,-258,-507,-523,-520,-485,-731,-731,-958,-740,-1337,-1082,-4137,-1247,-29964,-29965,-29980,-29981,-29981,-29982,-29982,-29983,-29983,-29984,-29984,-29984]} 1. e4 c5 2. Nc3 e6 3. g3 a6 4. Bg2 b5 5. d3 Bb7 {[#]} 6. Nce2 $146 {B23: Closed Sicilian: Lines without g3.} ({Predecessor:} 6. Nh3 d6 7. O-O b4 8. Ne2 Nf6 9. f4 Nbd7 10. Nf2 h5 11. h3 Qc7 12. a3 a5 13. c3 bxc3 14. bxc3 {0-1 (61) Predke,A (2632)-Fedorchuk,S (2633) Riga 2019}) 6... d5 7. c3 (7. exd5 $11 {remains equal.} Nf6 8. Nf4) 7... dxe4 $1 $17 8. dxe4 {Black is better.} Qxd1+ 9. Kxd1 Nf6 10. f3 Nc6 11. Be3 O-O-O+ (11... a5 $17) 12. Kc2 $15 Ne5 13. Rd1 Be7 14. h4 $2 (14. Rxd8+ $11 {and White has nothing to worry.} Rxd8 15. Nh3) 14... h5 $2 (14... Rxd1 $19 15. Kxd1 Nd3) 15. Nh3 Nfd7 16. Ng5 Bxg5 (16... g6 $11) 17. hxg5 $14 g6 18. Rd6 ({White should try} 18. b3 $14) 18... Nc4 $15 19. Bf4 (19. Rd3 $15) 19... Nxd6 20. Bxd6 c4 21. Be7 Rde8 22. Bd6 Nb6 23. Nd4 (23. Be5 $17) 23... Rd8 ({Black should play} 23... e5 $19 24. Bh3+ Nd7) 24. Be7 $17 Rd7 25. Bf6 Re8 26. g4 (26. Be5 $17) 26... Na4 $2 (26... hxg4 $1 $19 {Threatens to win with ...e5.} 27. Be5 gxf3 28. Bxf3 f6 $1 {[%mdl 512]} 29. Bxf6 (29. gxf6 $2 Rf7 $19) 29... e5) 27. gxh5 $16 gxh5 28. Rxh5 Nc5 {[#]} (28... Rg8 $16) 29. Rh7 $2 ({Only move:} 29. g6 $1 $18 {[%cal Rg6g7][%mdl 512]} Nxe4 (29... fxg6 30. Rxc5+) 30. fxe4 fxg6 31. Rg5) 29... Nd3 {aiming for ...Ne1+.} 30. Bh3 {Black must now prevent g6!} Nf4 (30... Ne1+ $11 31. Kc1 Nd3+ 32. Kb1 Kc7) 31. Bg4 Nd3 {[#]} (31... a5 $16 {was called for.}) 32. g6 $1 $18 {[%cal Rg6g7][%mdl 512]} fxg6 33. Rxd7 $4 {[%mdl 8192]} (33. Bxe6 $18 {was the only winning move.} Rxe6 34. Rh8+ Kc7 35. Nxe6+ Kb6 36. Bd4+ Kc6 37. Rh6) 33... Kxd7 $19 34. Bxe6+ $2 (34. e5 {was necessary.}) 34... Rxe6 35. Nxe6 Kxe6 36. e5 (36. Bd8 $142) 36... Bxf3 37. Bg7 Nxe5 38. b3 Be4+ 39. Kb2 Nd3+ 40. Ka1 g5 {Black mates.} 41. bxc4 bxc4 42. Bd4 g4 43. a4 g3 44. Ka2 g2 45. Ka3 Kd5 {Quite a comeback for Black. Accuracy: White = 32%, Black = 48%.} 0-1

[Event "Stay Safe Play From Home 355"]
[Site "Emanuel Lasker Arena"]
[Date "2020.08.04"]
[Round "6"]
[White "Cirovicz"]
[Black "Ao017545"]
[Result "1-0"]
[WhiteElo "1830"]
[BlackElo "1668"]
[Annotator "NA RC"]
[PlyCount "61"]
[EventDate "2020.08.04"]
[EventType "swiss (blitz)"]

1. e4 {[%emt 0:00:02]} e5 {[%emt 0:00:00]} 2. Nf3 {[%emt 0:00:01]} Nc6 {[%emt 0:00:02]} 3. Bc4 {[%emt 0:00:01]} Bc5 {[%emt 0:00:00]} 4. d4 {[%emt 0:00:01]} Nxd4 {[%emt 0:00:05]} 5. Nxe5 {[%emt 0:00:02]} Qf6 {[%emt 0:00:02]} 6. Bxf7+ {[%emt 0:00:06]} Kf8 {[%emt 0:00:05]} 7. O-O {[%emt 0:00:01]} Qxe5 {[%emt 0:00:02]} 8. Bxg8 {[%emt 0:00:01]} Kxg8 {[%emt 0:00:02]} 9. c3 {[%emt 0:00:01]} Bd6 {[%emt 0:00:00]} 10. f4 {[%emt 0:00:02]} Qc5 {[%emt 0:00:13]} 11. cxd4 {[%emt 0:00:01]} Qb6 {[%emt 0:00:01]} 12. e5 {[%emt 0:00:01]} Be7 {[%emt 0:00:01]} 13. Qb3+ {[%emt 0:00:01]} d5 {[%emt 0:00:03]} 14. Qxb6 {[%emt 0:00:02]} axb6 {[%emt 0:00:02]} 15. a4 {[%emt 0:00:01]} Ra5 {[%emt 0:00:01]} 16. Nc3 {[%emt 0:00:01]} Bb4 {[%emt 0:00:00]} 17. Bd2 {[%emt 0:00:01]} c6 {[%emt 0:00:01]} 18. Nxd5 {[%emt 0:00:04]} Bf5 {[%emt 0:00:00]} 19. Nxb4 {[%emt 0:00:02]} Bd3 {[%emt 0:00:02]} 20. Nxc6 {[%emt 0:00:01]} bxc6 {[%emt 0:00:02]} 21. Bxa5 {[%emt 0:00:01]} Bxf1 {[%emt 0:00:01]} 22. Bxb6 {[%emt 0:00:01]} Ba6 {[%emt 0:00:03]} 23. b4 {[%emt 0:00:01]} Kf7 {[%emt 0:00:00]} 24. b5 {[%emt 0:00:01]} Rd8 {[%emt 0:00:00]} 25. Bxd8 {[%emt 0:00:02]} cxb5 {[%emt 0:00:01]} 26. axb5 {[%emt 0:00:01]} Bxb5 {[%emt 0:00:00]} 27. Ra7+ {[%emt 0:00:01]} Ke8 {[%emt 0:00:02]} 28. Bg5 {[%emt 0:00:02]} Bd7 {[%emt 0:00:00]} 29. d5 {[%emt 0:00:01]} Bf5 {[%emt 0:00:01]} 30. e6 {[%emt 0:00:01]} Kf8 {[%emt 0:00:00]} 31. Ra8# {[%emt 0:00:02] (Lag: Av=0.94s, max=1.2s) (Lag: Av=0.94s, max=1.2s) (Lag: Av=0.94s, max=1.2s) (Lag: Av=0.94s, max=1.2s) (Lag: Av=0.94s, max=1.2s)} 1-0